| 000 | 00791nam a22001577a 4500 | ||
|---|---|---|---|
| 003 | OSt | ||
| 005 | 20151005155056.0 | ||
| 008 | 151005b xxu||||| |||| 00| 0 eng d | ||
| 040 | _cRUA | ||
| 082 | _aAVM NOR 2005 B075 Or.1 | ||
| 100 |
_92063 _aNORNG CHANDY |
||
| 245 | _aEffect of wheat bran using as concentrateon growth rate of quail at the animal experimental station of rua,(ប្រសិទ្ធភាពនៃកាប្រើប្រាស់កន្ទក់ស្រូវសាឡីជាចំណីផ្សំលើការលូតលាស់របស់ក្រួចសាច់ នៅសាកលវិទ្យាល័យភូមិន្ទកសិកម្ម) | ||
| 260 |
_aphnom penh _bRUA _c2005 |
||
| 300 |
_avii, 40p. _bill. _c29cm. |
||
| 942 |
_2ddc _cAVM |
||
| 999 |
_c1949 _d1949 |
||